Biblioteca

Se muere el tapón del Darién : Un viaje a lo largo de las selvas de Urabá revela las amenazas que tienen en peligro de desaparecer a una de las reservas ecológicas más ricas del país (Registro nro. 58364)

Detalles MARC
000 -LÍDER
Campo fijo de descripción fija 004420000a22001090004500
100 1# - ASIENTO PRINCIPAL--NOMBRE PERSONAL
Nombre personal Molano Bravo, Alfredo
245 10 - TÍTULO
Título del Material Se muere el tapón del Darién : Un viaje a lo largo de las selvas de Urabá revela las amenazas que tienen en peligro de desaparecer a una de las reservas ecológicas más ricas del país
300 ## - DESCRIPCIÓN FÍSICA
Extensión Vol. 33, Num. 33 (Enero, 1994), Páginas 24-27
700 1# - ASIENTO SECUNDARIO - NOMBRE PERSONAL
Nombre personal Ramirez, Constanza
773 0# - HOST ITEM ENTRY
Title Cambio 16
942 ## - TIPO DE MATERIAL (KOHA)
Tipo de Item KOHA Artículos de Revista
Existencias
Estado de Material Estado de Perdido Estado de Dañado No para Préstamo Colección Biblioteca de Origen Biblioteca Permanente Fecha de Adquisición Total de Préstamos Signatura Topográfica Última vez visto Fecha de Remplazo Tipo de Material
        Colección de Hemeroteca Biblioteca FUSBC Biblioteca FUSBC 26/01/2016   26/01/2016 26/01/2016 Artículos de Revista

Biblioteca FUSBC | Teléfono: (57+4) 349 88 10 Ext. 141| WhatsApp (+57) 3005338115 
E-mail: biblioteca@unisbc.edu.co | Calle 76 87-14 Robledo Palenque, Medellín, Colombia

Con tecnología Koha